000
00230nam a2200097Ia 4500
008
220204s9999 xx 000 0 und d
082
_a
658.15
_b
FIN
245
0
_a
Finance. Pt 1-5
260
_a
USA
_b
Harward College
_c
1971
942
_c
BK
999
_c
37271
_d
37271